Costos y gestión (Registro nro. 8452)
[ vista simple ]
| 000 -LEADER | |
|---|---|
| fixed length control field | 01308nas a2200277 454500 |
| 001 - CONTROL NUMBER | |
| control field | 12786 |
| 005 - DATE AND TIME OF LATEST TRANSACTION | |
| control field | 20260407193504.0 |
| 008 - FIXED-LENGTH DATA ELEMENTS--GENERAL INFORMATION | |
| fixed length control field | 260407s2004####ag###########|||spa#d |
| 003 - CONTROL NUMBER IDENTIFIER | |
| control field | AR-UNSa-BCEJYS |
| 040 ## - CATALOGING SOURCE | |
| Original cataloging agency | AR-UNSa-BCEJYS |
| Language of cataloging | spa |
| Transcribing agency | AR-UNSa-BCEJYS |
| 080 ## - UNIVERSAL DECIMAL CLASSIFICATION NUMBER | |
| Universal Decimal Classification number | 657.47 |
| Common auxiliary subdivision | Contabilidad de Costos |
| 022 ## - INTERNATIONAL STANDARD SERIAL NUMBER | |
| International Standard Serial Number | 0327-5345 |
| 041 ## - LANGUAGE CODE | |
| Language code of text/sound track or separate title | spa |
| 100 1# - MAIN ENTRY--PERSONAL NAME | |
| Personal name | Lavolpe, Antonio |
| 245 10 - TITLE STATEMENT | |
| Title | Costos y gestión |
| Name of part/section of a work | Revista del Instituto Argentino de Profesores Universitarios de Costos |
| 264 #1 - PRODUCTION, PUBLICATION, DISTRIBUTION, MANUFACTURE, AND COPYRIGHT NOTICE | |
| Place of production, publication, distribution, manufacture | Buenos Aires : |
| Name of producer, publisher, distributor, manufacturer | La Ley |
| Date of production, publication, distribution, manufacture, or copyright notice | 2004 |
| 310 ## - CURRENT PUBLICATION FREQUENCY | |
| Current publication frequency | Frecuencia: Trimestral |
| 520 ## - SUMMARY, ETC. | |
| Summary, etc. | Esta publicación ha adquirido prestigio a nivel nacional e internacional en la especialidad, a lo largo de sus ediciones. El contenido es seleccionado por un Consejo Editorial, integrado por el Director de la Revista, un representante de la Comisión Directiva y un representante de la Comisión Técnica. El editor responsable de la misma recae en persona del Presidente del IAPUCO. |
| 590 ## - LOCAL NOTE (RLIN) | |
| Local note | niveau_biblio:s niveau_hierar:1 |
| 650 ## - SUBJECT ADDED ENTRY--TOPICAL TERM | |
| Topical term or geographic name entry element | CONTABILIDAD |
| 650 ## - SUBJECT ADDED ENTRY--TOPICAL TERM | |
| Topical term or geographic name entry element | Contabilidad de costos |
| 650 ## - SUBJECT ADDED ENTRY--TOPICAL TERM | |
| Topical term or geographic name entry element | Gestión |
| 700 1# - ADDED ENTRY--PERSONAL NAME | |
| Personal name | IAPUCO (Instituto Argentino de Profesores Universitarios de Costos) |
| 856 41 - ELECTRONIC LOCATION AND ACCESS | |
| Uniform Resource Identifier | <a href="https://biblioeco.unsa.edu.ar/pmb/images/revistas/Costos y Gestion.jpg">https://biblioeco.unsa.edu.ar/pmb/images/revistas/Costos y Gestion.jpg</a> |
| Link text | Imagen de portada |
| Electronic format type | image/jpeg |
| 942 ## - ADDED ENTRY ELEMENTS (KOHA) | |
| Koha item type | |
| Withdrawn status | Lost status | Damaged status | Not for loan | Home library | Current library | Shelving location | Date acquired | Serial enumeration / chronology | Total checkouts | Full call number | Barcode | Date last seen | Price effective from | Koha item type | Public note |
|---|---|---|---|---|---|---|---|---|---|---|---|---|---|---|---|
| Biblioteca Prof. Eusebio Cleto del Rey | Biblioteca Prof. Eusebio Cleto del Rey | 01/12/2005 | Año 15, Nº 58 - dic. 2005 | H657.47 COS 58 | R01796 | 10/04/2026 | 10/04/2026 | Numero | |||||||
| Biblioteca Prof. Eusebio Cleto del Rey | Biblioteca Prof. Eusebio Cleto del Rey | 01/09/2005 | Año 15, Nº 57 - sep. 2005 | H657.47 COS 57 | R01704 | 10/04/2026 | 10/04/2026 | Numero | |||||||
| Biblioteca Prof. Eusebio Cleto del Rey | Biblioteca Prof. Eusebio Cleto del Rey | 01/12/2004 | Año 14, Nº 54 - dic. 2004 | H657.47 COS 54 | R06280 | 10/04/2026 | 10/04/2026 | Numero | |||||||
| Biblioteca Prof. Eusebio Cleto del Rey | Biblioteca Prof. Eusebio Cleto del Rey | 01/09/2004 | Año 13, Nº 53 - sep. 2004 | H657.47 COS 53 | R06279 | 10/04/2026 | 10/04/2026 | Numero | |||||||
| Biblioteca Prof. Eusebio Cleto del Rey | Biblioteca Prof. Eusebio Cleto del Rey | 01/09/1991 | Año I, Nº 1 - sep. 1991 | H657.47 COS 1 | R08752 | 10/04/2026 | 10/04/2026 | Numero | TAPA Y HOJAS SUELTAS - |